| 000 | 00735nam a2200205 4500 | ||
|---|---|---|---|
| 001 | 113580 | ||
| 003 | ES-MaACL | ||
| 005 | 20250430203732.0 | ||
| 007 | t| | ||
| 008 | 061121s1946 ag r ||||1| spa d | ||
| 100 | 1 |
_aPacioli, Luca. _988149 |
|
| 245 | 1 | 3 |
_aLa divina proporción / _cLuca Pacioli ; traducción del italianao , de la edición de 1905 por Ricardo Resta ; prólogo de Aldo Mieli ; soneto de Rafael Alberti. |
| 260 |
_aBuenos Aires : _bLosada, _c1946. |
||
| 300 |
_a343 p. 47 láms. : _b`Retr. aut.` ; _c28 cm. |
||
| 700 | 1 |
_aResta, Ricardo. _996339 |
|
| 700 | 1 |
_aMieli, Aldo. _980965 |
|
| 700 | 1 |
_aAlberti, Rafael, _d1902-1999 _9240174 |
|
| 852 |
_aES-MaACL _jC-4453 _bR.24289 |
||
| 999 |
_c113580 _d113580 |
||